Hướng dẫn dạy tiện kim loại

Salvato in:
Dettagli Bibliografici
Autore principale: V A Slepinin
Natura: Libro
Lingua:Undetermined
Pubblicazione: Hà Nội Công nhân kĩ thuật 1977
Soggetti:
Tags: Aggiungi Tag
Nessun Tag, puoi essere il primo ad aggiungerne! !
Thư viện lưu trữ: Trung tâm Học liệu Trường Đại học Cần Thơ
LEADER 00472nam a2200169Ia 4500
001 CTU_15992
008 210402s9999 xx 000 0 und d
082 |a 621.942 
082 |b X7 
100 |a V A Slepinin 
245 0 |a Hướng dẫn dạy tiện kim loại 
245 0 |c V A Slepinin 
260 |a Hà Nội 
260 |b Công nhân kĩ thuật 
260 |c 1977 
650 |a metal-cutting 
980 |a Trung tâm Học liệu Trường Đại học Cần Thơ